Загадки мироздания (Запись № 1046422)

Подробности
000 -МАРКЕР
контрольное поле 01310nam0a2200325 4500
001 - ИДЕНТИФИКАТОР ЗАПИСИ
контрольное поле RU\NLR\bibl\1091862
005 - ИДЕНТИФИКАТОР ВЕРСИИ
контрольное поле 20260406141444.0
010 ## - МЕЖДУНАРОДНЫЙ СТАНДАРТНЫЙ НОМЕР КНИГИ (ISBN)
Номер (ISBN) 978-5-9524-2848-5
Тираж 6000
021 ## - НОМЕР ГОСУДАРСТВЕННОЙ РЕГИСТРАЦИИ
Код страны российская федерация
Номер 2007-28718
Номер Листа государственной регистраци 1527
035 ## - ДРУГИЕ СИСТЕМНЫЕ НОМЕРА
Идентификатор записи (NLR Aleph) 001078993
100 ## - ДАННЫЕ ОБЩЕЙ ОБРАБОТКИ
Данные общей обработки 20070530d2007 |||y0rusy50 ca
101 1# - ЯЗЫК РЕСУРСА
Язык текста, звукозаписи и т.д. русский
Язык оригинала английский
102 ## - СТРАНА ПУБЛИКАЦИИ ИЛИ ПРОИЗВОДСТВА
Страна публикации российская федерация
105 ## - ПОЛЕ КОДИРОВАННЫХ ДАННЫХ: ТЕКСТОВЫЕ МАТЕРИАЛЫ, МОНОГРАФИЧЕСКИЕ
Кодированные данные о монографическом текстовом документе y |||||||||
200 1# - ЗАГЛАВИЕ И СВЕДЕНИЯ ОБ ОТВЕТСТВЕННОСТИ
Основное заглавие Загадки мироздания
Сведения, относящиеся к заглавию известные и неизвестные факты
Первые сведения об ответственности Айзек Азимов
Последующие сведения об ответственности [пер. с англ. Д.А. Лихачева]
210 ## - ПУБЛИКАЦИЯ, РАСПРОСТРАНЕНИЕ И ДР.
Место издания, распространения и т.д. Москва
Имя издателя, распространителя и т. д. Центрполиграф
Дата издания, распространения и т.д. 2007
215 ## - ФИЗИЧЕСКАЯ ХАРАКТЕРИСТИКА
Специфическое обозначение материала и объем 428,[1] с.
Размеры 19
225 1# - СЕРИЯ
Основное заглавие серии Научно-популярная библиотека
300 ## - ОБЩИЕ ПРИМЕЧАНИЯ
Текст примечания На доп. тит.л.: Is anyone there? / Isaac Asimov
513 0# - ЗАГЛАВИЕ НА ДОПОЛНИТЕЛЬНОМ ТИТУЛЬНОМ ЛИСТЕ
Связь между полями z20790
Заглавие на дополнительном титульном листе Is anyone there?
606 1# - НАИМЕНОВАНИЕ ТЕМЫ КАК ПРЕДМЕТ
Наименование темы Вселенная
Тематический подзаголовок Строение
-- Философские вопросы
Системный номер авторитетной/нормативной записи 2098756
Идентификатор авторитетной/нормативной записи RU\NLR\auth\661269578
686 ## - ИНДЕКСЫ ДРУГИХ КЛАССИФИКАЦИЙ
Индекс В632.93в
700 #1 - ИМЯ ЛИЦА - ПЕРВИЧНАЯ ОТВЕТСТВЕННОСТЬ
Код отношения Автор
Материалы, к которым относится поле rus
Графика поля Кириллица
Начальный элемент ввода Азимов
Часть имени, кроме начального элемента ввода А.
Даты 1920-1992
Расширение инициалов личного имени Айзек
Идентификатор авторитетной/нормативной записи RU\NLR\auth\773445
Системный номер авторитетной/нормативной записи 113441
790 #1 - ИМЯ ЛИЦА - АЛЬТЕРНАТИВНАЯ ФОРМА
Код отношения Автор
Материалы, к которым относится поле eng
Графика поля Латинская
Начальный элемент ввода Asimov
Часть имени, кроме начального элемента ввода I.
Даты 1920-1992
Расширение инициалов личного имени Isaac
Идентификатор авторитетной/нормативной записи RU\NLR\auth\7720019
Системный номер авторитетной/нормативной записи 3087
801 #0 - ИСТОЧНИК ЗАПИСИ
Страна российская федерация
Организация NLR
Дата составления 20070530
Правила каталогизации RCR
801 #1 - ИСТОЧНИК ЗАПИСИ
Страна российская федерация
Организация NLR
Дата составления 20070530
942 ## - ДОПОЛНИТЕЛЬНЫЕ ЭЛЕМЕНТЫ ЗАПИСИ (АБИС)
Тип экземпляра АБИС Книга
980 ## - КОЛЛЕКЦИЯ
Название коллекции Национальная библиография
Экземпляры
Тип экземпляра Дата поступления Источник поступления Библиотека постоянного хранения Библиотека текущего хранения Место хранения Шифр хранения Штрих-код Статус не для выдачи
Книга 30.05.2007 Обязательный экземпляр РНБ (Московский) РНБ (Московский) Русский книжный фонд: издания с 1957 года, 9этаж 2007-3/16264 2443858  
Книга 30.05.2007 Обязательный экземпляр РНБ (Московский) РНБ (Московский) Русский книжный фонд: издания с 1957 года, 9этаж 2007-3/16264 2443859